Matematika pro 4. ročník základní školy pro neslyšící a základní školy pro žáky se zbytky sluchu 1. díl

Bibliographic Details
Main Author: Kohout, Vladimír (Author)
Format: Book
Language:Undetermined
Published: Praha Státní pedagogické nakladatelství n. p., Praha 1986

MARC

LEADER 00000nam a2200000 a 4500
001 vtls001369386
003 SK-MaSNL
005 20260301010955.0
008 240316s1986 xx 0 und
035 |a SNK000323110 
040 |a SNK  |b slo  |c SNK  |e AACR2 
100 1 |a Kohout, Vladimír  |4 aut  |9 11644 
245 1 |a Matematika pro 4. ročník základní školy pro neslyšící a základní školy pro žáky se zbytky sluchu 1. díl 
260 |a Praha  |b Státní pedagogické nakladatelství n. p., Praha  |c 1986 
300 |a 133 s. 
958 |a OND 
999 |c 549621  |d 551551 
952 |a SNK  |b SNK  |y PREZ  |7 0  |p 17A0836467  |o snkSB 40604/1   |0 0  |1 0  |4 0  |d 2012-05-07  |l 0  |r 2025-04-25 00:00:00  |w 2026-02-23 
952 |t P60, <04>, [BOOK], {604}  |a SNK  |b SNK  |y VYP  |7 0  |p 17A0204084  |o snkSB 40604/1 D1  |0 0  |1 0  |4 0  |d 1999-08-02  |l 0  |r 2005-01-02 00:00:00  |w 2026-02-23